[Event "40th ECC Open 2025"]
[Site "Rhodes GRE"]
[Date "2025.10.21"]
[Round "3.43"]
[White "Erigaisi, Arjun"]
[Black "Dotzer, Lukas"]
[Result "1-0"]
[WhiteTitle "GM"]
[BlackTitle "IM"]
[WhiteElo "2773"]
[BlackElo "2463"]
[WhiteTeam "Alkaloid"]
[BlackTeam "Schachfreunde Berlin 1903"]
[WhiteFideId "35009192"]
[BlackFideId "1666975"]
[EventDate "2025.10.19"]
[EventType "team"]

1. e4 c5 2. Nf3 d6 3. d4 cxd4 4. Nxd4 Nf6 5. Nc3 a6 6. h3 Nc6 7. Be3 e5 8. Nb3
Be6 9. Nd5 Bxd5 10. exd5 Ne7 11. c4 g6 12. g4 Bg7 13. Bg2 b6 14. O-O Nd7 15. f4
exf4 16. Bxf4 Ne5 17. Nd4 O-O 18. Rc1 b5 19. cxb5 axb5 20. Nc6 Qb6+ 21. Kh1
N7xc6 22. dxc6 Nc4 23. b3 Ne3 24. Bxe3 Qxe3 25. c7 Rac8 26. Re1 Qa7 27. Qxd6
Qxa2 28. Qg3 Qa7 29. Bd5 Bd4 30. Qf4 Bc5 31. b4 Bd4 32. Re7 Kh8 33. Rce1 Bg7 34.
Rxf7 Qa3 35. Rxf8+ Rxf8 36. Qxf8+ Bxf8 37. c8=Q Qxh3+ 38. Kg1 Qg3+ 39. Kf1 Qd3+
40. Re2 Qd1+ 41. Kf2 Qd4+ 42. Kg3 Qxb4 43. Rf2 Qd6+ 44. Kh3 1-0

[Event "40th ECC Open 2025"]
[Site "Rhodes GRE"]
[Date "2025.10.21"]
[Round "3.44"]
[White "Baum, Jonasz"]
[Black "Wei, Yi"]
[Result "0-1"]
[WhiteTitle "IM"]
[BlackTitle "GM"]
[WhiteElo "2446"]
[BlackElo "2754"]
[WhiteTeam "Schachfreunde Berlin 1903"]
[BlackTeam "Alkaloid"]
[WhiteFideId "1195360"]
[BlackFideId "8603405"]
[EventDate "2025.10.19"]
[EventType "team"]

1. c4 Nf6 2. Nc3 e5 3. Nf3 Nc6 4. g3 Bb4 5. Nd5 e4 6. Nh4 O-O 7. Bg2 d6 8. Nxb4
Nxb4 9. a3 Nc6 10. d3 d5 11. cxd5 Qxd5 12. b4 Qe5 13. Bf4 Qe7 14. Bg5 exd3 15.
Qxd3 h6 16. Be3 Rd8 17. Qc2 g5 18. Nf3 Nd5 19. Bc5 Qf6 20. O-O b6 21. e4 bxc5
22. exd5 Rxd5 23. bxc5 Bf5 24. Qa4 Rad8 25. Rac1 Bd3 26. Rfe1 a6 27. Qb3 g4 28.
Nh4 Nd4 29. Qc3 R5d7 30. Kh1 Bb5 31. Qe3 Ne6 32. Qe4 h5 33. Qf5 Qxf5 34. Nxf5
Rd2 35. Kg1 R8d3 36. h3 gxh3 37. Bxh3 Ng5 38. Bg2 Nf3+ 39. Bxf3 Rxf3 40. Nh4
Rfxf2 41. Re5 Bc6 42. Rg5+ Kf8 43. Rxh5 Rfe2 44. Rf1 Be4 45. Re5 Re3 46. Nf3
Rde2 47. Re1 Rxe1+ 48. Nxe1 Rxe1+ 49. Kf2 f6 50. Re6 Kf7 51. Rxa6 Rc1 52. Ke3
Bg2 53. Kd4 c6 0-1

[Event "40th ECC Open 2025"]
[Site "Rhodes GRE"]
[Date "2025.10.21"]
[Round "3.45"]
[White "Yu, Yangyi"]
[Black "Schmidek, Emil"]
[Result "0-1"]
[WhiteTitle "GM"]
[BlackTitle "IM"]
[WhiteElo "2720"]
[BlackElo "2427"]
[WhiteTeam "Alkaloid"]
[BlackTeam "Schachfreunde Berlin 1903"]
[WhiteFideId "8603820"]
[BlackFideId "12908150"]
[EventDate "2025.10.19"]
[EventType "team"]

1. e4 c6 2. d4 d5 3. e5 Bf5 4. h4 h6 5. g4 Be4 6. f3 Bh7 7. e6 Nf6 8. Nc3 fxe6
9. g5 hxg5 10. hxg5 Bxc2 11. Qxc2 Rxh1 12. Nh3 Qb6 13. gxf6 Qxd4 14. f7+ Kxf7
15. f4 Rxh3 16. Bxh3 Qg1+ 17. Bf1 Qg3+ 18. Kd1 g6 19. Bd2 Nd7 20. Ne2 Qf3 21.
Ke1 Bg7 22. Bc3 e5 23. fxe5 Nxe5 24. Nd4 Qe3+ 25. Qe2 Nd3+ 26. Kd1 Nf2+ 27. Ke1
Nd3+ 28. Kd1 Nf2+ 29. Ke1 Bxd4 30. Bxd4 Nd3+ 31. Kd1 Qxd4 32. Qxd3 Qxd3+ 33.
Bxd3 Rh8 34. Kd2 Rh2+ 35. Kc3 e5 36. Rf1+ Kg7 37. Re1 e4 38. Be2 c5 39. Bg4 Kf6
40. a4 Rg2 41. Bc8 b6 42. Rf1+ Ke5 43. Rf8 d4+ 44. Kb3 d3 45. Bb7 Kd4 46. Rd8+
Ke3 47. Re8 Rg4 48. Kc3 g5 49. Re5 d2 50. Rd5 Rg1 51. Rxd2 Rc1+ 52. Rc2 Rxc2+
53. Kxc2 g4 0-1

[Event "40th ECC Open 2025"]
[Site "Rhodes GRE"]
[Date "2025.10.21"]
[Round "3.46"]
[White "Florstedt, Johannes"]
[Black "Aravindh, Chithambaram VR."]
[Result "0-1"]
[WhiteTitle "FM"]
[BlackTitle "GM"]
[WhiteElo "2413"]
[BlackElo "2711"]
[WhiteTeam "Schachfreunde Berlin 1903"]
[BlackTeam "Alkaloid"]
[WhiteFideId "12922293"]
[BlackFideId "5072786"]
[EventDate "2025.10.19"]
[EventType "team"]

1. e4 c5 2. Nf3 Nc6 3. d4 cxd4 4. Nxd4 Nf6 5. Nc3 e6 6. Nxc6 bxc6 7. e5 Nd5 8.
Ne4 Qc7 9. f4 Qb6 10. c4 Bb4+ 11. Ke2 f5 12. Nf2 Ba6 13. Kf3 Ne7 14. Be3 Bc5 15.
Bxc5 Qxc5 16. Qd6 Qb6 17. Be2 Rd8 18. b4 c5 19. Qxb6 axb6 20. bxc5 bxc5 21. Rhb1
Nc6 22. Rb6 Ra8 23. Ke3 g5 24. Bf3 Bxc4 25. fxg5 Bd5 26. Nd3 Bxf3 27. gxf3 c4
28. Nb2 h6 29. Nxc4 hxg5 30. a4 Rh4 31. Kd3 Rf4 32. a5 Rxf3+ 33. Kd2 Ke7 34. a6
Rh8 35. Rh1 Rf4 36. Nd6 Ra4 37. h4 Nxe5 38. h5 Rd4+ 0-1

[Event "40th ECC Open 2025"]
[Site "Rhodes GRE"]
[Date "2025.10.21"]
[Round "3.47"]
[White "Indjic, Aleksandar"]
[Black "Poltorak, Sebastian"]
[Result "1/2-1/2"]
[WhiteTitle "GM"]
[BlackTitle "IM"]
[WhiteElo "2618"]
[BlackElo "2413"]
[WhiteTeam "Alkaloid"]
[BlackTeam "Schachfreunde Berlin 1903"]
[WhiteFideId "911925"]
[BlackFideId "1199498"]
[EventDate "2025.10.19"]
[EventType "team"]

1. Nf3 Nf6 2. c4 g6 3. Nc3 d5 4. cxd5 Nxd5 5. h4 Bg7 6. e4 Nxc3 7. dxc3 Qxd1+ 8.
Kxd1 Nd7 9. Kc2 Nc5 10. Nd2 a5 11. f3 a4 12. Nc4 b5 13. Be3 Nb7 14. Nd2 c6 15.
h5 O-O 16. Be2 f5 1/2-1/2

[Event "40th ECC Open 2025"]
[Site "Rhodes GRE"]
[Date "2025.10.21"]
[Round "3.48"]
[White "Polzin, Rainer"]
[Black "Ivic, Velimir"]
[Result "1/2-1/2"]
[WhiteTitle "GM"]
[BlackTitle "GM"]
[WhiteElo "2393"]
[BlackElo "2628"]
[WhiteTeam "Schachfreunde Berlin 1903"]
[BlackTeam "Alkaloid"]
[WhiteFideId "4610741"]
[BlackFideId "950122"]
[EventDate "2025.10.19"]
[EventType "team"]

1. e4 c5 2. Nc3 Nc6 3. Bb5 Nd4 4. Nf3 a6 5. Bd3 g6 6. O-O Bg7 7. Re1 e6 8. a3
Ne7 9. b4 d6 10. Rb1 Nec6 11. b5 axb5 12. Nxb5 O-O 13. Nfxd4 cxd4 14. c3 dxc3
15. dxc3 Qh4 16. Bf1 Rd8 17. Be3 d5 18. exd5 Rxd5 19. Qc1 Ne5 20. h3 Nd3 21.
Bxd3 Rxd3 22. Rd1 Rxd1+ 23. Qxd1 Qe7 24. Qd6 Bf8 25. Bc5 Qxd6 26. Nxd6 e5 27.
Bb4 Bxd6 28. Bxd6 f6 29. Rb6 Kf7 30. Bb4 Ra6 31. Rxa6 bxa6 32. h4 Ke6 33. f3 f5
34. Kf2 f4 35. g3 Bb7 1/2-1/2

[Event "40th ECC Open 2025"]
[Site "Rhodes GRE"]
[Date "2025.10.21"]
[Round "3.49"]
[White "Ragger, Markus"]
[Black "Keymer, Vincent"]
[Result "0-1"]
[WhiteTitle "GM"]
[BlackTitle "GM"]
[WhiteElo "2567"]
[BlackElo "2755"]
[WhiteTeam "SG Riehen"]
[BlackTeam "Novy Bor"]
[WhiteFideId "1610856"]
[BlackFideId "12940690"]
[EventDate "2025.10.19"]
[EventType "team"]

1. e4 c5 2. Nf3 d6 3. d4 cxd4 4. Nxd4 Nf6 5. Nc3 a6 6. g3 e5 7. Nb3 Be7 8. Bg5
Nbd7 9. a4 O-O 10. h4 Re8 11. Be2 b6 12. Qd2 Bb7 13. f3 Rc8 14. O-O-O h6 15. Be3
Qc7 16. Kb1 Red8 17. Rc1 Nc5 18. Nxc5 dxc5 19. Qe1 c4 20. g4 Bc5 21. Bxc5 Qxc5
22. Qg1 Rd4 23. g5 Nh5 24. gxh6 g6 25. Qg5 Kh7 26. Rhg1 Rg8 27. Rcd1 f6 28. Qg4
Bc8 29. Qg2 Be6 30. Qh2 b5 31. f4 Nxf4 32. Rxd4 Qxd4 33. Rd1 Qe3 34. Bf1 b4 35.
Nd5 Bxd5 36. exd5 Qf3 37. Qd2 c3 38. Qe1 cxb2 39. Bc4 Qa3 40. Ba2 Rc8 41. h5
gxh5 42. Qf1 Qxa4 43. Qf2 b3 44. cxb3 Qb4 45. Kxb2 Qc3+ 46. Kb1 e4 47. d6 e3 48.
Qg1 Kxh6 49. d7 Rd8 50. Qg3 Qe5 51. Rg1 Rxd7 52. Qg8 Qf5+ 53. Ka1 Qe5+ 54. Kb1
Qf5+ 55. Ka1 Ng6 56. Qe8 Qe5+ 0-1

[Event "40th ECC Open 2025"]
[Site "Rhodes GRE"]
[Date "2025.10.21"]
[Round "3.50"]
[White "Vidit, Santosh Gujrathi"]
[Black "Rosner, Jonas"]
[Result "1/2-1/2"]
[WhiteTitle "GM"]
[BlackTitle "IM"]
[WhiteElo "2716"]
[BlackElo "2431"]
[WhiteTeam "Novy Bor"]
[BlackTeam "SG Riehen"]
[WhiteFideId "5029465"]
[BlackFideId "24608513"]
[EventDate "2025.10.19"]
[EventType "team"]

1. e4 c6 2. d4 d5 3. exd5 cxd5 4. Bd3 Nc6 5. c3 e6 6. Nf3 Bd6 7. O-O Nge7 8. Re1
Qc7 9. b3 O-O 10. Bb2 Ng6 11. c4 dxc4 12. bxc4 Rd8 13. Nc3 Bf8 14. d5 Nb4 15.
Nb5 Qb6 16. Bd4 Bc5 17. Bxg6 hxg6 18. Rb1 Na6 19. Nc3 Qc7 20. Be5 Qe7 21. Ne4
exd5 22. cxd5 Bf5 23. d6 Qe6 24. Nxc5 Nxc5 25. Ng5 Qxa2 26. Ra1 Qb3 27. Qd4 Ne6
28. Nxe6 Bxe6 29. Bxg7 Qd5 30. Qf6 Qxd6 31. Ra4 Qd1 32. Re4 Qh5 33. Qa1 Rd5 34.
Bf6 Qh7 35. h3 a5 36. Qc3 Qh6 37. Qc7 g5 38. Qxb7 Rf8 39. Ba1 Rfd8 40. Kh2 Qg6
41. Qb2 Kf8 42. Qa3+ Kg8 43. R1e3 R8d6 44. Qc3 Kf8 45. Bb2 Rd8 46. Qh8+ Ke7 47.
Qc3 Kf8 48. Rc4 Qh6 49. Rf3 g4 50. Rf6 Qd2 51. Rxf7+ Bxf7 52. Qg7+ Ke8 53. Ba3
R8d6 54. Re4+ Be6 55. Qxg4 Kd7 56. Qg7+ Kc6 57. Qa7 Qd3 58. Re3 Qf5 59. Qa6+ Kd7
60. Qb7+ Ke8 61. Rf3 Qe5+ 62. g3 Rd1 63. Qb8+ Kd7 64. Qb7+ Ke8 65. Qb8+ Kd7 66.
Qa7+ Kc6 67. Qa6+ Kd7 68. Qb7+ Ke8 1/2-1/2

[Event "40th ECC Open 2025"]
[Site "Rhodes GRE"]
[Date "2025.10.21"]
[Round "3.51"]
[White "Haag, Gregor"]
[Black "Navara, David"]
[Result "1/2-1/2"]
[WhiteTitle "FM"]
[BlackTitle "GM"]
[WhiteElo "2403"]
[BlackElo "2656"]
[WhiteTeam "SG Riehen"]
[BlackTeam "Novy Bor"]
[WhiteFideId "24680931"]
[BlackFideId "309095"]
[EventDate "2025.10.19"]
[EventType "team"]

1. d4 Nf6 2. c4 e6 3. Nf3 Bb4+ 4. Bd2 Qe7 5. e3 Bxd2+ 6. Qxd2 d6 7. Nc3 e5 8.
dxe5 dxe5 9. Nd5 Nxd5 10. cxd5 O-O 11. Qc3 e4 12. Nd4 Rd8 13. Rc1 c6 14. dxc6
Nxc6 15. Nxc6 bxc6 16. Be2 Qg5 17. Kf1 Bg4 18. Qc2 Bxe2+ 19. Qxe2 Qa5 20. Rc2
Qxa2 21. g3 Qe6 22. Kg2 Rd6 23. Rd1 Rxd1 24. Qxd1 g6 25. Qd4 h5 26. h4 Qd5 27.
Qc4 Rb8 28. Qxc6 Qxc6 29. Rxc6 Rxb2 30. Rc4 a5 31. Rxe4 Kf8 32. Re5 a4 33. Ra5
Rb4 34. Ra7 Kg7 35. Ra6 f6 36. Kf3 g5 37. hxg5 fxg5 38. Ra5 Kf6 39. Ra6+ Kf5 40.
Ra5+ Kf6 1/2-1/2

[Event "40th ECC Open 2025"]
[Site "Rhodes GRE"]
[Date "2025.10.21"]
[Round "3.52"]
[White "Grandelius, Nils"]
[Black "Cvitan, Ognjen"]
[Result "1-0"]
[WhiteTitle "GM"]
[BlackTitle "GM"]
[WhiteElo "2645"]
[BlackElo "2387"]
[WhiteTeam "Novy Bor"]
[BlackTeam "SG Riehen"]
[WhiteFideId "1710400"]
[BlackFideId "14500086"]
[EventDate "2025.10.19"]
[EventType "team"]

1. e4 c5 2. Nf3 d6 3. d4 cxd4 4. Nxd4 Nf6 5. Nc3 a6 6. Be3 e5 7. Nf3 Be7 8. Bc4
Be6 9. Bb3 Nbd7 10. Nh4 g6 11. Nf3 Rc8 12. O-O Qc7 13. Rc1 O-O 14. Bh6 Rfe8 15.
Ng5 Bc4 16. Qf3 Bf8 17. Qh3 Re7 18. Rfd1 Bxh6 19. Qxh6 Be6 20. Rd3 Qb8 21. Rf3
Rc5 22. Rd1 b5 23. Nxe6 fxe6 24. Qh3 Kg7 25. Bxe6 Nb6 26. Bb3 Nc4 27. Rxf6 Kxf6
28. Nd5+ Rxd5 29. Qh4+ Ke6 30. exd5+ Kd7 31. Bxc4 bxc4 32. Qxc4 Qxb2 33. Qc6+
Kd8 34. Qxd6+ 1-0

[Event "40th ECC Open 2025"]
[Site "Rhodes GRE"]
[Date "2025.10.21"]
[Round "3.53"]
[White "Jaeggi, Dorian"]
[Black "Anton Guijarro, David"]
[Result "0-1"]
[WhiteTitle "FM"]
[BlackTitle "GM"]
[WhiteElo "2327"]
[BlackElo "2631"]
[WhiteTeam "SG Riehen"]
[BlackTeam "Novy Bor"]
[WhiteFideId "1306294"]
[BlackFideId "2285525"]
[EventDate "2025.10.19"]
[EventType "team"]

1. d4 Nf6 2. c4 e6 3. Nf3 b6 4. g3 Bb7 5. Bg2 Be7 6. O-O O-O 7. Nc3 Ne4 8. Bd2
d6 9. Re1 f5 10. d5 e5 11. Qc2 Nxd2 12. Nxd2 a5 13. a3 e4 14. Nb3 Bf6 15. Nb5
Bc8 16. N3d4 Bd7 17. f3 Be5 18. f4 Bxd4+ 19. Nxd4 a4 20. e3 Na6 21. Kh1 Nc5 22.
Bf1 Qf6 23. Rad1 Kf7 24. Rd2 Ke7 25. Rg2 h6 26. Be2 g5 27. fxg5 hxg5 28. Rf1 Qg6
29. Rgf2 Qh7 30. Qd2 Rae8 31. Kg1 Kd8 32. g4 f4 0-1

[Event "40th ECC Open 2025"]
[Site "Rhodes GRE"]
[Date "2025.10.21"]
[Round "3.54"]
[White "Bjerre, Jonas Buhl"]
[Black "Collin, Moritz Valentin"]
[Result "1/2-1/2"]
[WhiteTitle "GM"]
[BlackTitle "FM"]
[WhiteElo "2629"]
[BlackElo "2282"]
[WhiteTeam "Novy Bor"]
[BlackTeam "SG Riehen"]
[WhiteFideId "1444948"]
[BlackFideId "1342932"]
[EventDate "2025.10.19"]
[EventType "team"]

1. e4 c5 2. Nf3 e6 3. d4 cxd4 4. Nxd4 Nc6 5. Nc3 Qc7 6. Be3 a6 7. a3 Nf6 8. f4
d6 9. Qf3 Be7 10. O-O-O O-O 11. h3 Nxd4 12. Bxd4 e5 13. Be3 exf4 14. Bxf4 Be6
15. g4 b5 16. Qg3 Rfd8 17. Be2 Rac8 18. Rd4 Qc5 19. Rhd1 h6 20. h4 d5 21. R1d2
Nxe4 22. Nxe4 dxe4 23. Rxd8+ Rxd8 24. Be3 Qc8 25. g5 hxg5 26. hxg5 Rxd2 27. Bxd2
Bf5 28. Qe5 Qc5 29. Qb8+ Qc8 30. Qe5 Qc5 31. Qb8+ Qc8 1/2-1/2

[Event "40th ECC Open 2025"]
[Site "Rhodes GRE"]
[Date "2025.10.21"]
[Round "3.55"]
[White "Gukesh, D"]
[Black "Movsesian, Sergei"]
[Result "1-0"]
[WhiteTitle "GM"]
[BlackTitle "GM"]
[WhiteElo "2752"]
[BlackElo "2600"]
[WhiteTeam "SuperChess"]
[BlackTeam "Sigil Fund Pardubice"]
[WhiteFideId "46616543"]
[BlackFideId "310204"]
[EventDate "2025.10.19"]
[EventType "team"]

1. Nf3 d5 2. g3 Bg4 3. Bg2 Nd7 4. h3 Bh5 5. O-O c6 6. d3 Ngf6 7. c4 Bxf3 8. exf3
g6 9. f4 Bg7 10. Nd2 Nc5 11. Nf3 dxc4 12. dxc4 Qxd1 13. Rxd1 Nfd7 14. Be3 Bxb2
15. Rab1 Bf6 16. Rxd7 Nxd7 17. Rxb7 Nb6 18. Ne5 O-O 19. Nxc6 Nxc4 20. Bc5 Kg7
21. Nxe7 Rfd8 22. Nd5 Nd6 23. Rb1 Rac8 24. Bxa7 Nf5 25. Bb6 Rd6 26. Nxf6 Kxf6
27. a4 Rc2 28. a5 Ra2 29. Bf1 Nd4 30. Kg2 Nc6 31. a6 Ne7 32. g4 Nc8 33. Bc5
Raxa6 34. Rb8 Rac6 35. Rxc8 Rxc8 36. Bxd6 Ke6 37. Be5 f6 38. Bd4 Rc1 39. Be3 Rc3
40. Bd4 Rc1 41. f5+ gxf5 42. gxf5+ Kf7 43. Be2 Kg7 44. h4 Rc2 45. Kf3 Ra2 46.
Ke3 Ra8 47. h5 h6 48. Bf3 Ra5 49. Ke4 Ra8 50. Kd5 Rd8+ 51. Kc5 Rc8+ 52. Bc6 Rd8
53. Bd5 Rc8+ 54. Kd6 Rd8+ 55. Ke6 Re8+ 56. Kd7 Re1 57. Be3 Rd1 58. Ke6 Rd3 59.
Bc5 Rd1 60. f3 Re1+ 61. Be4 Ra1 62. Bd4 Ra6+ 63. Ke7 1-0

[Event "40th ECC Open 2025"]
[Site "Rhodes GRE"]
[Date "2025.10.21"]
[Round "3.56"]
[White "Hracek, Zbynek"]
[Black "Van Foreest, Jorden"]
[Result "1/2-1/2"]
[WhiteTitle "GM"]
[BlackTitle "GM"]
[WhiteElo "2539"]
[BlackElo "2697"]
[WhiteTeam "Sigil Fund Pardubice"]
[BlackTeam "SuperChess"]
[WhiteFideId "300071"]
[BlackFideId "1039784"]
[EventDate "2025.10.19"]
[EventType "team"]

1. e4 e5 2. Nf3 Nc6 3. Bb5 a6 4. Ba4 b5 5. Bb3 Na5 6. d4 exd4 7. Qxd4 Qf6 8. Qd3
Nxb3 9. axb3 Bb7 10. Nc3 Bd6 11. O-O Ne7 12. Bg5 Qg6 13. Bxe7 Bxe7 14. Rad1 O-O
15. Qxd7 Bd6 16. Qf5 Qxf5 17. exf5 Rad8 18. Rfe1 b4 19. Ne2 Rfe8 20. Ng3 Kf8 21.
Rxe8+ Rxe8 22. Nd2 Bxg3 23. hxg3 Rd8 24. f3 Bc8 25. g4 h5 26. Kf2 hxg4 27. fxg4
Rd4 28. c3 bxc3 29. bxc3 Rxg4 30. Nc4 Bxf5 31. Ne3 Re4 32. Rd8+ Ke7 33. Ra8 Be6
34. c4 Rd4 35. Rxa6 Rd2+ 36. Kf3 Rd3 37. Ra7 Kd6 38. Rb7 Ke5 39. Ke2 Ke4 40. Nf1
Rd7 41. Nd2+ Kf4 42. Nf1 Bg4+ 43. Kf2 Bf5 44. b4 Be6 45. b5 Bxc4 46. b6 Rd1 47.
g3+ Ke4 48. bxc7 Rxf1+ 49. Kg2 Rc1 50. c8=Q Bf1+ 51. Kf2 Rxc8 52. Kxf1 Rc3 53.
Kg2 Rc2+ 54. Kg1 f5 55. Rxg7 Kf3 56. Rg5 Rg2+ 1/2-1/2

[Event "40th ECC Open 2025"]
[Site "Rhodes GRE"]
[Date "2025.10.21"]
[Round "3.57"]
[White "Maghsoodloo, Parham"]
[Black "Nemec, Jachym"]
[Result "1-0"]
[WhiteTitle "GM"]
[BlackTitle "FM"]
[WhiteElo "2697"]
[BlackElo "2448"]
[WhiteTeam "SuperChess"]
[BlackTeam "Sigil Fund Pardubice"]
[WhiteFideId "12539929"]
[BlackFideId "23716525"]
[EventDate "2025.10.19"]
[EventType "team"]

1. d4 Nf6 2. Nf3 e6 3. Bf4 d5 4. Nbd2 c5 5. e3 Nc6 6. c3 cxd4 7. exd4 Nh5 8. Be3
Bd6 9. Bb5 Bd7 10. O-O O-O 11. Re1 Rc8 12. a4 h6 13. Ne5 Nf6 14. Bf4 Bb8 15. Bd3
Kh8 16. Ndf3 Be8 17. Qd2 Ng8 18. Bc2 Nce7 19. Qd3 f5 20. Qe3 Bh5 21. Nd3 Bxf3
22. Qxf3 Rf6 23. Bxb8 Rxb8 24. Nc5 Qc8 25. Qe3 1-0

[Event "40th ECC Open 2025"]
[Site "Rhodes GRE"]
[Date "2025.10.21"]
[Round "3.58"]
[White "Delgerdalai, Bayarjavkhlan"]
[Black "Sarana, Alexey"]
[Result "0-1"]
[WhiteTitle "FM"]
[BlackTitle "GM"]
[WhiteElo "2376"]
[BlackElo "2661"]
[WhiteTeam "Sigil Fund Pardubice"]
[BlackTeam "SuperChess"]
[WhiteFideId "23727276"]
[BlackFideId "24133795"]
[EventDate "2025.10.19"]
[EventType "team"]

1. e4 c5 2. Nf3 d6 3. d4 cxd4 4. Nxd4 Nf6 5. f3 Nc6 6. c4 e6 7. Nc3 Be7 8. Be3
O-O 9. Qd2 d5 10. exd5 exd5 11. O-O-O Nxd4 12. Qxd4 dxc4 13. Qxd8 Rxd8 14. Rxd8+
Bxd8 15. Bxc4 Bd7 16. Rd1 Rc8 17. Bb3 a6 18. Bd4 Bf5 19. Bc2 Be6 20. Bb3 Bxb3
21. axb3 Nd5 22. Kb1 Nf4 23. Rd2 Ba5 24. Be3 Ne6 25. Rd3 f6 26. Ne4 Bc7 27. h3
Bf4 28. g3 Bxe3 29. Rxe3 Rc6 30. Rd3 Kf8 31. f4 Ke7 32. Re3 f5 33. Ng5 h6 34.
Nxe6 Rxe6 35. Rd3 g5 36. fxg5 hxg5 37. Kc2 Rh6 38. g4 Rc6+ 39. Rc3 fxg4 40. hxg4
Kd6 41. Kd3 Ke5 42. Ke3 Rxc3+ 43. bxc3 a5 44. Kf3 b5 45. Ke3 a4 46. bxa4 bxa4
47. Kd3 Kd5 48. c4+ Kc5 49. Kc3 a3 50. Kb3 a2 51. Kxa2 Kxc4 0-1

[Event "40th ECC Open 2025"]
[Site "Rhodes GRE"]
[Date "2025.10.21"]
[Round "3.59"]
[White "Dardha, Daniel"]
[Black "Stehno, Pavel"]
[Result "1-0"]
[WhiteTitle "GM"]
[WhiteElo "2605"]
[BlackElo "2305"]
[WhiteTeam "SuperChess"]
[BlackTeam "Sigil Fund Pardubice"]
[WhiteFideId "240990"]
[BlackFideId "313467"]
[EventDate "2025.10.19"]
[EventType "team"]

1. d4 Nf6 2. c4 g6 3. g3 Bg7 4. Bg2 O-O 5. Nc3 d6 6. Nf3 c5 7. d5 e6 8. O-O Re8
9. Re1 exd5 10. cxd5 Ne4 11. Nxe4 Rxe4 12. Qc2 Bf5 13. Bh3 Na6 14. Bxf5 gxf5 15.
Ng5 Nb4 16. Qb1 Re5 17. Bf4 Rxd5 18. a3 h6 19. Nxf7 Kxf7 20. axb4 c4 21. Qc2 Qc8
22. e4 Rd4 23. exf5 Qc6 24. Qe2 Rxf4 25. gxf4 Re8 26. Qh5+ Kf8 27. Qg6 d5 28. f6 1-0

[Event "40th ECC Open 2025"]
[Site "Rhodes GRE"]
[Date "2025.10.21"]
[Round "3.60"]
[White "Bujnoch, Radek"]
[Black "Lupulescu, Constantin"]
[Result "0-1"]
[WhiteTitle "FM"]
[BlackTitle "GM"]
[WhiteElo "2247"]
[BlackElo "2577"]
[WhiteTeam "Sigil Fund Pardubice"]
[BlackTeam "SuperChess"]
[WhiteFideId "313300"]
[BlackFideId "1207822"]
[EventDate "2025.10.19"]
[EventType "team"]

1. d4 Nf6 2. c4 e6 3. Nf3 d5 4. Nc3 Bb4 5. cxd5 exd5 6. Bg5 h6 7. Bh4 g5 8. Bg3
Ne4 9. Nd2 Nxg3 10. hxg3 c6 11. Qc2 Nd7 12. a3 Be7 13. O-O-O Nb6 14. e4 Be6 15.
e5 Qd7 16. f4 O-O-O 17. Bd3 Bg4 18. Nf3 gxf4 19. gxf4 Kb8 20. b4 Nc4 21. Bxc4
dxc4 22. d5 cxd5 23. Rxd5 Qf5 24. Qxf5 Bxf5 25. Nd4 Bd3 26. Nc2 h5 27. Ne3 h4
28. Kd2 Rhg8 29. Rxd8+ Bxd8 30. Ncd5 Be4 31. Nf6 Bxf6 32. exf6 Rd8+ 33. Kc3 Rd3+
34. Kxc4 Rxe3 35. Rxh4 Bxg2 36. Rh7 Bf1+ 37. Kc5 b6+ 38. Kd5 Rd3+ 39. Kc6 Bg2+
40. Kb5 Bd5 41. a4 Kb7 0-1

[Event "40th ECC Open 2025"]
[Site "Rhodes GRE"]
[Date "2025.10.21"]
[Round "3.61"]
[White "Alonso Rosell, Alvar"]
[Black "Eljanov, Pavel"]
[Result "1/2-1/2"]
[WhiteTitle "GM"]
[BlackTitle "GM"]
[WhiteElo "2538"]
[BlackElo "2657"]
[WhiteTeam "Silla-Integrant Col.lectius"]
[BlackTeam "Tuxera Aquaprofit Nagykanizsai Sakk Klub"]
[WhiteFideId "2270544"]
[BlackFideId "14102951"]
[EventDate "2025.10.19"]
[EventType "team"]

1. d4 Nf6 2. c4 e6 3. Nc3 Bb4 4. e3 O-O 5. Bd2 d5 6. Nf3 Nbd7 7. Rc1 Re8 8. Qc2
h6 9. h3 a6 10. a3 Bd6 11. c5 Bf8 12. Be2 e5 13. O-O c6 14. b4 g6 15. a4 Bg7 16.
Rfe1 e4 17. Nh2 Nh7 18. b5 a5 19. Rb1 Ng5 20. Bf1 f5 21. Ne2 Ne6 22. Bc3 h5 23.
Qd2 Bh6 24. Kh1 Qc7 25. Rb3 Kh7 26. Qc1 Rf8 27. Bd2 g5 28. f3 Nf6 29. bxc6 bxc6
30. Rb6 Rg8 31. Qb1 g4 32. fxg4 hxg4 33. g3 Ng5 34. Nf4 Nf3 35. Re2 Bxf4 36.
exf4 Nxd4 37. Bc3 Nxe2 38. Bxe2 Nh5 39. Nf1 Ra7 40. hxg4 fxg4 41. Kg2 Rg6 42.
Be5 Qe7 43. Rb8 Qd7 44. Ne3 Rb7 45. Qxb7 Qxb7 46. Rxb7+ Bxb7 47. Bxg4 Ng7 48.
Bd7 Re6 49. Nf5 Rxe5 50. fxe5 Nxf5 51. Bxf5+ Kg7 52. Kf2 Kf7 53. Ke3 Ke7 54. g4
Ba6 55. g5 Bc4 56. g6 Bb3 57. g7 Kf7 58. Bd7 Kxg7 59. Bxc6 Kf7 60. Bb5 Ke7 61.
Kd4 Bd1 62. c6 Bg4 63. c7 Bc8 64. Bc6 Ke6 65. Bxd5+ Kd7 66. e6+ Kxc7 67. Ke5 e3
68. Bc4 Bb7 69. Kd4 Bc6 70. Kxe3 1/2-1/2

[Event "40th ECC Open 2025"]
[Site "Rhodes GRE"]
[Date "2025.10.21"]
[Round "3.62"]
[White "Gledura, Benjamin"]
[Black "Lopez Martinez, Josep Manuel"]
[Result "1-0"]
[WhiteTitle "GM"]
[BlackTitle "GM"]
[WhiteElo "2643"]
[BlackElo "2477"]
[WhiteTeam "Tuxera Aquaprofit Nagykanizsai Sakk Klub"]
[BlackTeam "Silla-Integrant Col.lectius"]
[WhiteFideId "712779"]
[BlackFideId "2212943"]
[EventDate "2025.10.19"]
[EventType "team"]

1. d4 Nf6 2. c4 e6 3. Nc3 d5 4. cxd5 exd5 5. Bg5 Be7 6. e3 c6 7. Bd3 Nbd7 8. h3
Nf8 9. Nf3 Ne6 10. Bh4 g6 11. O-O O-O 12. Rb1 a5 13. Na4 Ng7 14. Qb3 Nd7 15. Bg3
Re8 16. Rbc1 Nh5 17. Bh2 Nhf6 18. a3 Bf8 19. Rfe1 Bg7 20. Nd2 Re6 21. Qc2 b5 22.
Nc3 Nb6 23. a4 bxa4 24. Nxa4 Nxa4 25. Qxa4 Qb6 26. Nb3 Bf8 27. Nc5 Bxc5 28. Rxc5
Nd7 29. Rc2 Ba6 30. Bxa6 Rxa6 31. Ra1 Qb7 32. Bf4 Nb6 33. Qb3 Qa8 34. Qd3 Qb7
35. b3 Nd7 36. Qc3 Kg7 37. Rb2 Nb6 38. Be5+ f6 39. Bg3 Re8 40. Rxa5 Rxa5 41.
Qxa5 h5 42. Qc3 Nd7 43. Ra2 Ra8 44. Ra4 Kf7 45. Kh2 g5 46. h4 gxh4 47. Bxh4 Rg8
48. Qc2 Nf8 49. Qf5 Rg6 50. Bg3 Rg5 51. Qd3 Rg7 52. Qa6 Qd7 53. Qa7 Kg6 54. Qxd7
Nxd7 55. Ra6 c5 56. Rd6 cxd4 57. exd4 Nf8 58. Rxd5 Rb7 59. b4 h4 60. Bf4 Ne6 61.
Bd2 Kf7 62. b5 Ke7 63. Bb4+ Kf7 64. Ba5 Nf4 65. Rc5 Ne6 66. b6 Ke8 67. Rd5 Kf7
68. Rd6 Nf8 69. Rc6 Ne6 70. Rc7+ 1-0